Aina-E-Ahmadiyyat. (Record no. 3137)

MARC details
000 -LEADER
fixed length control field 00645nam a2200241 a 4500
020 ## - INTERNATIONAL STANDARD BOOK NUMBER
ISBN
082 00 - DEWEY DECIMAL CLASSIFICATION NUMBER
Classification number 297.86
Author Cutter MUH1
100 ## - MAIN ENTRY--AUTHOR NAME
Author name Muhammad, Dost
245 ## - TITLE STATEMENT
Title Aina-E-Ahmadiyyat.
260 ## - PUBLICATION, DISTRIBUTION, ETC. (IMPRINT)
Place of publication Lahore
Name of publisher Ahmadiyya Anjuman Ishaat-E-Islam
Year of publication 1933
300 ## - PHYSICAL DESCRIPTION
Number of Pages 260p
500 ## - GENERAL NOTE
General note includes index and biblioraphy
505 2# - FORMATTED CONTENTS NOTE
Formatted contents note Also Contains a First Reader in New Testament Greek.
650 ## - SUBJECT ADDED ENTRY--TOPICAL TERM
Topical Term Islam-Sects-Conflicts-Sunni-Ahmadiy
942 ## - ADDED ENTRY ELEMENTS (KOHA)
Koha item type Books
700 1# -
-- Muhammad, Dost
Holdings
Collection code Home library Current library Date acquired Cost, normal purchase price Full call number Accession Number Koha item type
  Henry Martyn Institute Library Henry Martyn Institute Library 07/02/2007 100.00 297.86 MUH1 06438 Books
                   Copyright © 2026 | Henry Martyn Institute | Hyderabad | TS-500052 | INDIA | Implemented by hmi.edu.in
Hit-Count:

Powered by Koha